Nordic roots (Record no. 76)

MARC details
000 -LEADER
fixed length control field 03009njm a22005771a 4500
001 - CONTROL NUMBER
control field 12322942
003 - CONTROL NUMBER IDENTIFIER
control field OSt
005 - DATE AND TIME OF LATEST TRANSACTION
control field 20200421093818.0
007 - PHYSICAL DESCRIPTION FIXED FIELD--GENERAL INFORMATION
fixed length control field sd fungnn---eu
008 - FIXED-LENGTH DATA ELEMENTS--GENERAL INFORMATION
fixed length control field 981026s1998 mnumun fi mul d
010 ## - LIBRARY OF CONGRESS CONTROL NUMBER
LC control number 00716040
024 1# - OTHER STANDARD IDENTIFIER
Standard number or code 021561601628
028 02 - PUBLISHER OR DISTRIBUTOR NUMBER
Publisher or distributor number NSD6016
Source NorthSide
035 ## - SYSTEM CONTROL NUMBER
System control number (OCoLC)ocm40166468
040 ## - CATALOGING SOURCE
Original cataloging agency SVP
Transcribing agency SVP
Modifying agency DLC
041 0# - LANGUAGE CODE
Language code of sung or spoken text mul
Language code of accompanying material other than librettos and transcripts eng
042 ## - AUTHENTICATION CODE
Authentication code lcderive
043 ## - GEOGRAPHIC AREA CODE
Geographic area code ev-----
050 00 - LIBRARY OF CONGRESS CALL NUMBER
Classification number NorthSide NSD6016
245 00 - TITLE STATEMENT
Title Nordic roots
Medium [sound recording] :
Remainder of title a NorthSide collection.
260 ## - PUBLICATION, DISTRIBUTION, ETC.
Place of publication, distribution, etc. Minneapolis :
Name of publisher, distributor, etc. NorthSide,
Date of publication, distribution, etc. [1998]
300 ## - PHYSICAL DESCRIPTION
Extent 1 sound disc :
Other physical details digital ;
Dimensions 4 3/4 in.
500 ## - GENERAL NOTE
General note Folk, popular, and rock music.
500 ## - GENERAL NOTE
General note Compact disc.
500 ## - GENERAL NOTE
General note Program notes in English ([20] p. : col. ill.) inserted in container.
505 0# - FORMATTED CONTENTS NOTE
Formatted contents note 30-års jiggen = 30-year jig (Väsen) (2:17) -- Grodan ; Windergrenen = Toadeater (Hedningarna) (4:51) -- Imeland (Groupa) (3:57) -- Den store Paipolsen = The great pie Pols (Chateau Neuf) (3:46) -- Red jacket (SWÅP) (4:50) -- Eriskummainen kantele = My kantele (Loituma) (3:41) -- En gång sak han gråta = One day he'll cry (Garmarna) (2:57) -- Brudmarsch ; Roddare i bärsärk = Wedding march ; Rowers go berserk (Väsen) (3:52) -- Skinfakse = Delivering the light (Hege Rimestad) (3:50) -- Räven = Foxwoman (Hedningarna) (4:41) -- Bieggajorri = Weathervane (Wimme) (3:58) --Fanitullen (Tapani Varis) (2:10) -- Sjöankans vals = Sea duck's waltz (Olov Johansson) (3:54) -- Skvadern = The skvader (Hoven Droven) (2:57) -- Bierdna = The bear (Hedningarna) (5:04) -- Texas = Texas (Wimme) (3:13) -- Den blå slåtten ; Ormslå = The blue tune ; The legless lizard (den Fule) (4:58) -- Klockar Aleksanteri (Troka) (3:09) -- Alla gossar = All the young men (Triakel) (3:11) -- Långt ner i Småland : slångpolska = Way down in Småland : Swingpolska [sic] (Väsen) (6:19).
508 ## - CREATION/PRODUCTION CREDITS NOTE
Creation/production credits note Compiled by Robert Simonds.
511 0# - PARTICIPANT OR PERFORMER NOTE
Participant or performer note Various performers.
546 ## - LANGUAGE NOTE
Language note Sung in Scandinavian languages.
650 #0 - SUBJECT ADDED ENTRY--TOPICAL TERM
Topical term or geographic name entry element Folk music
Geographic subdivision Scandinavia.
9 (RLIN) 706
650 #0 - SUBJECT ADDED ENTRY--TOPICAL TERM
Topical term or geographic name entry element Folk dance music
Geographic subdivision Scandinavia.
9 (RLIN) 707
650 #0 - SUBJECT ADDED ENTRY--TOPICAL TERM
Topical term or geographic name entry element Popular music
Geographic subdivision Scandinavia
Chronological subdivision 1991-2000.
9 (RLIN) 708
650 #0 - SUBJECT ADDED ENTRY--TOPICAL TERM
Topical term or geographic name entry element Rock music
Geographic subdivision Scandinavia
Chronological subdivision 1991-2000.
9 (RLIN) 709
700 1# - ADDED ENTRY--PERSONAL NAME
Personal name Rimestad, Hege.
Relationship prf
9 (RLIN) 61
700 0# - ADDED ENTRY--PERSONAL NAME
Personal name Wimme.
Relationship prf
9 (RLIN) 62
700 1# - ADDED ENTRY--PERSONAL NAME
Personal name Varis, Tapani.
Relationship prf
9 (RLIN) 63
700 1# - ADDED ENTRY--PERSONAL NAME
Personal name Johansson, Olov.
Relationship prf
9 (RLIN) 64
710 2# - ADDED ENTRY--CORPORATE NAME
Corporate name or jurisdiction name as entry element Väsen (Musical group)
Relationship prf
9 (RLIN) 65
710 2# - ADDED ENTRY--CORPORATE NAME
Corporate name or jurisdiction name as entry element Hedningarna (Musical group)
Relationship prf
9 (RLIN) 66
710 2# - ADDED ENTRY--CORPORATE NAME
Corporate name or jurisdiction name as entry element Groupa (Musical Group)
Relationship prf
9 (RLIN) 67
710 2# - ADDED ENTRY--CORPORATE NAME
Corporate name or jurisdiction name as entry element Chateau Neuf (Musical group)
Relationship prf
9 (RLIN) 68
710 2# - ADDED ENTRY--CORPORATE NAME
Corporate name or jurisdiction name as entry element Swåp (Musica group)
Relationship prf
9 (RLIN) 69
710 2# - ADDED ENTRY--CORPORATE NAME
Corporate name or jurisdiction name as entry element Loituma (Musical group)
Relationship prf
9 (RLIN) 70
710 2# - ADDED ENTRY--CORPORATE NAME
Corporate name or jurisdiction name as entry element Garmarna (Musical group)
Relationship prf
710 2# - ADDED ENTRY--CORPORATE NAME
Corporate name or jurisdiction name as entry element Hoven Droven (Musical group)
Relationship prf
9 (RLIN) 71
710 2# - ADDED ENTRY--CORPORATE NAME
Corporate name or jurisdiction name as entry element Fule (Musical group)
Relationship prf
9 (RLIN) 72
710 2# - ADDED ENTRY--CORPORATE NAME
Corporate name or jurisdiction name as entry element Troka (Musical group)
Relationship prf
9 (RLIN) 73
710 2# - ADDED ENTRY--CORPORATE NAME
Corporate name or jurisdiction name as entry element Triakel (Musical group)
Relationship prf
9 (RLIN) 74
906 ## - LOCAL DATA ELEMENT F, LDF (RLIN)
b cbc
c copycat
d 3
e ncip
f 20
g y-soundrec
942 ## - ADDED ENTRY ELEMENTS (KOHA)
Source of classification or shelving scheme Dewey Decimal Classification
Koha item type Music
Holdings
Withdrawn status Lost status Damaged status Not for loan Collection Home library Current library Shelving location Date acquired Barcode Date last seen Price effective from Koha item type
        Reference Centerville Centerville Audio visual 09/04/2014 39999000003154 09/04/2014 09/04/2014 Music
        Reference Centerville Centerville Audio visual 09/04/2014 39999000003192 09/04/2014 09/04/2014 Music
        Reference Fairview Fairview Audio visual 09/04/2014 39999000003178 09/04/2014 09/04/2014 Music
        Reference Midway Midway Audio visual 09/04/2014 39999000003130 09/04/2014 09/04/2014 Music